Countries of Europe Quiz - flipped edition - Statistics

General Stats
  • This quiz has been taken 73 times
  • The average score is 42 of 45
Answers on the Map
Answers color-coded by a green-red scale on the quiz's map according to % correct below.
 
Answer Stats
Country % Correct
Italy
98%
Russia
98%
United Kingdom
98%
Belgium
97%
Germany
97%
Ireland
97%
Poland
97%
Portugal
97%
Spain
97%
Albania
95%
Austria
95%
Finland
95%
France
95%
Monaco
95%
Norway
95%
Sweden
95%
Ukraine
95%
Belarus
94%
Denmark
94%
Estonia
94%
Greece
94%
Iceland
94%
Latvia
94%
Vatican City
94%
Bulgaria
92%
Hungary
92%
Kosovo
92%
Liechtenstein
92%
Lithuania
92%
Netherlands
92%
Romania
92%
Serbia
92%
Slovakia
92%
Switzerland
92%
Croatia
91%
Czech Republic
91%
Malta
91%
Montenegro
91%
North Macedonia
91%
San Marino
91%
Slovenia
91%
Andorra
89%
Bosnia and Herzegovina
88%
Luxembourg
88%
Moldova
86%
No matching quizzes found
Score Distribution
Percent of People with Each Score
Percentile by Number Answered
Your Score History
You have not taken this quiz